Armageddon, oil, and the Middle East crisis / (Record no. 1152)
[ view plain ]
| 000 -LEADER | |
|---|---|
| fixed length control field | 01030nam a22003498a 4500 |
| 001 - CONTROL NUMBER | |
| control field | 14828 |
| 003 - CONTROL NUMBER IDENTIFIER | |
| control field | GBCCL |
| 005 - DATE AND TIME OF LATEST TRANSACTION | |
| control field | 20241126110354.0 |
| 008 - FIXED-LENGTH DATA ELEMENTS--GENERAL INFORMATION | |
| fixed length control field | 900928s1990 miu 00010 eng |
| 010 ## - | |
| -- | 90015586 |
| 020 ## - INTERNATIONAL STANDARD BOOK NUMBER | |
| International Standard Book Number | 0310539218 |
| 035 ## - SYSTEM CONTROL NUMBER | |
| System control number | OCM22543305 |
| 040 ## - CATALOGING SOURCE | |
| Original cataloging agency | DLC |
| Transcribing agency | DLC |
| Modifying agency | LBB |
| 043 ## - | |
| -- | aw----- |
| 049 ## - | |
| -- | LBBK |
| 050 00 - | |
| -- | BS649.N45 |
| -- | W34 1990 |
| 082 00 - DEWEY DECIMAL CLASSIFICATION NUMBER | |
| Classification number | 236.9 |
| Edition information | 20 |
| Item number | WAL |
| 092 0# - LOCALLY ASSIGNED DEWEY CALL NUMBER (OCLC) | |
| Classification number | 236.9 |
| Item number | W241, 1990 |
| Edition number | 20 |
| 100 10 - MAIN ENTRY--PERSONAL NAME | |
| Personal name | Walvoord, John F. |
| 9 (RLIN) | 125 |
| 245 10 - TITLE STATEMENT | |
| Title | Armageddon, oil, and the Middle East crisis / |
| Statement of responsibility, etc. | John F. Walvoord. |
| 250 ## - EDITION STATEMENT | |
| Edition statement | Rev. ed. |
| 260 0# - PUBLICATION, DISTRIBUTION, ETC. | |
| Place of publication, distribution, etc. | Grand Rapids, Mich. : |
| Name of publisher, distributor, etc. | Zondervan Pub. House, |
| Date of publication, distribution, etc. | c1990. |
| 263 ## - PROJECTED PUBLICATION DATE | |
| Projected publication date | 9012 |
| 300 ## - PHYSICAL DESCRIPTION | |
| Extent | 234 p. : |
| Other physical details | ill. ; |
| Dimensions | 21 cm. |
| 630 00 - SUBJECT ADDED ENTRY--UNIFORM TITLE | |
| Uniform title | Bible |
| General subdivision | Prophecies. |
| 9 (RLIN) | 457 |
| 650 #0 - SUBJECT ADDED ENTRY--TOPICAL TERM | |
| Topical term or geographic name entry element | World politics |
| Chronological subdivision | 1945- |
| 9 (RLIN) | 2077 |
| 650 #0 - SUBJECT ADDED ENTRY--TOPICAL TERM | |
| Topical term or geographic name entry element | Armageddon. |
| 9 (RLIN) | 2078 |
| 650 #0 - SUBJECT ADDED ENTRY--TOPICAL TERM | |
| Topical term or geographic name entry element | Civilization, Western. |
| 9 (RLIN) | 560 |
| 650 #0 - SUBJECT ADDED ENTRY--TOPICAL TERM | |
| Topical term or geographic name entry element | Petroleum industry and trade |
| Geographic subdivision | Middle East. |
| 9 (RLIN) | 2079 |
| 651 #0 - SUBJECT ADDED ENTRY--GEOGRAPHIC NAME | |
| Geographic name | Middle East |
| General subdivision | Politics and government |
| Chronological subdivision | 1945- |
| 9 (RLIN) | 2080 |
| 942 ## - ADDED ENTRY ELEMENTS (KOHA) | |
| Source of classification or shelving scheme | Dewey Decimal Classification |
| Koha item type | Books |
| Koha issues (borrowed), all copies | 5 |
| Withdrawn status | Lost status | Source of classification or shelving scheme | Damaged status | Not for loan | Home library | Current Library | Shelving location | Date acquired | Total checkouts | Total renewals | Full call number | Barcode | Date last seen | Date last checked out | Copy number | Price effective from | Koha item type |
|---|---|---|---|---|---|---|---|---|---|---|---|---|---|---|---|---|---|
| Dewey Decimal Classification | GRACE BIBLE COLLEGE | GRACE BIBLE COLLEGE | Theology | 2017-04-18 | 2 | 1 | 236.9 WAL | 008419 | 2025-05-01 | 2024-09-11 | c.2 | 2017-04-18 | Books | ||||
| Dewey Decimal Classification | GRACE BIBLE COLLEGE | GRACE BIBLE COLLEGE | Theology | 2017-04-28 | 3 | 1 | 236.9 WAL | 007359 | 2025-05-01 | 2019-10-29 | c.1 | 2017-04-28 | Books | ||||
| Dewey Decimal Classification | GRACE BIBLE COLLEGE | GRACE BIBLE COLLEGE | Theology | 2018-02-13 | 1 | 236.9 WAL | 008420 | 2025-09-19 | 2025-09-15 | c.3 | 2018-02-13 | Books |